Spanish Speaking Countries - Sudden Death - Statistics

General Stats
  • This quiz has been taken 6,291 times
    6,211 since last reset
  • The average score is 14 of 22
Answers on the Grid
Answers color-coded by a green-red scale on the quiz's grid according to % correct below.
Andorra
Argentina
Bahamas
Barbados
Belize
Benin
Bolivia
Brazil
Chile
Colombia
Costa Rica
Cuba
Dominican Republic
Ecuador
El Salvador
Equatorial Guinea
Gabon
Guatemala
Guyana
Honduras
Malta
Mexico
Morocco
Nicaragua
Panama
Paraguay
Peru
Philippines
Portugal
Spain
Suriname
Trinidad and Tobago
United States
Uruguay
Venezuela
 
Answer Stats
Answer % Correct
Argentina
90%
Colombia
76%
Costa Rica
75%
Bolivia
74%
Chile
74%
Cuba
74%
El Salvador
73%
Ecuador
72%
Mexico
72%
Spain
72%
Guatemala
67%
Honduras
67%
Dominican Republic
66%
Paraguay
65%
Peru
65%
Panama
64%
Venezuela
64%
Nicaragua
61%
Uruguay
59%
Andorra
52%
Equatorial Guinea
37%
Belize
32%
No matching quizzes found
Score Distribution
Percent of People with Each Score
Percentile by Number Answered
Your Score History
You have not taken this quiz since the last reset